000 00972nam a22003495b 4500
001 004286
003 DO-SdBNP
005 20180126091345.0
007 004286
008 950123r 1987sp | |||| ||cat
016 7 _a
_2BPMSU
017 _a
_b
020 _a8476293364
035 _a
040 _aBPMSU
_bspa
_cBPMSU
_e
041 1 _aspa
_hfre
080 0 _a
082 _a
_b
100 1 _aChidolue, Dagmar
240 1 0 _aPink Pätti
_lEspañol
245 1 3 _aLa història de la Pätti /
_cDagmar Chidolue ; illustracions, Consol Sànchez ; traducció de l'alemany, Carme Serrallonga.
_h
250 _a
260 _aBarcelona :
_bCruïlla,
_c1989.
300 _a181 p. :
_bil.;
_c20 cm
490 1 _aEl barco de vapor
_v 75
_a
700 1 _aSànchez, Consol
700 1 _aSerrallonga, Carme
830 0 _aEl barco de vapor
_v75
942 _2ddc
_cBK
945 _aInventariado, 2018 /LP
956 _a VMATEO
_b10
_c20161020
_dBPMSU
_f0069
999 _c11630
_d11630